• 首页
  • 本馆介绍
  • 公告通知
  • 最新文献
  • 馆藏检索
  • 电子资源
  • 读者导购
  • 参考咨询
  • 我的图书馆
  • 登录
  • 详细信息显示
  • 放入我的书架
  • 预约/预借图书
  • 作者相关作品
  • 分类相关作品
  • 丛书相关作品
  • 出版社相关作品

书目信息

  • 表格格式
  • 工作单格式
  • 卡片格式
题名:
香水的历史
    
 
作者: 雷凤颖 编著
分册:  
出版信息: 哈尔滨   哈尔滨出版社  2007
页数: 187页
开本: 25cm
丛书名:
单 册:
中图分类: TQ658.1-49
科图分类:
主题词: 香水--普及读物 , 香水
电子资源:
ISBN: 7-80699-837-3
000 00830nam0 2200265 450
001 003326063
005 20091230085704.42
010    @a7-80699-837-3@dCNY38.00
100    @a20060210d2007 em y0chiy0110 ea
101 0  @achi
102    @aCN@b230000
105    @aa z 000yy
106    @ar
200 1  @a香水的历史@9xiang shui de li shi@dHistory of perfume@e23款世界经典香水@f雷凤颖编著@zeng
210    @a哈尔滨@c哈尔滨出版社@d2007
215    @a187页@c图,照片@d25cm
330    @a本书叙述了香水的文化,追忆了香水的发展历程。
510 1  @aHistory of perfume@zeng
517 1  @a23款世界经典香水@923 kuan shi jie jing dian xiang shui
606 0  @a香水@j普及读物
606 0  @a香水
690    @aTQ658.1-49@v4
701  0 @a雷凤颖@9lei feng ying@4编著
801  0 @aCN@bNLC@c20091230
905    @b20798567-72@dTQ658.1-49@e28@f6
    
    香水的历史=History of perfume:23款世界经典香水/雷凤颖编著.-哈尔滨:哈尔滨出版社,2007
    187页:图,照片;25cm
    
    
    ISBN 7-80699-837-3:CNY38.00
    本书叙述了香水的文化,追忆了香水的发展历程。
●
相关链接 在E读中查询图书 在五车中查询图书 在当当中查询图书 在豆瓣中查询图书


正题名:香水的历史     索取号:TQ658.1-49/28         预约/预借

序号 登录号 条形码 馆藏地/架位号 状态 备注
1 798567   207985670   第二样本阅览室/ [索取号:TQ658.1-49/28] 在馆    
2 798568   207985689   第三借阅区/ [索取号:TQ658.1-49/28] 在馆    
3 798569   207985698   第三借阅区/ [索取号:TQ658.1-49/28] 在馆    
4 798570   207985705   第三借阅区/ [索取号:TQ658.1-49/28] 在馆    
5 798571   207985714   第三借阅区/ [索取号:TQ658.1-49/28] 在馆    
6 798572   207985723   第三借阅区/ [索取号:TQ658.1-49/28] 在馆    
唐山师范学院图书馆 欢迎您!
大连网信软件有限公司© 版权所有